000 00721cam a2200229 a 4500
003 UPN
005 20230524064021.0
008 191125s2019 mx a br 000 0 spa d
020 _a9786075511788
035 _aUPN01000234219
040 _aMX-MxUPN
_bspa
_cMX-MxUPN
050 4 _aLB1589
_bM62 2019 LM
245 0 0 _aLibro para el maestro :
_bmatemáticas : segundo grado
250 _aSegunda edición
260 _aMéxico :
_bSEP, Dirección General de Materiales Educativos ,
_c2019.
300 _a175 páginas :
_bilustraciones
500 _a"Ciclo escolar 2019-2020".
650 4 _aMatemáticas
_xEstudio y enseñanza (Elemental)
_92809
905 _aLibro
942 _2lcc
_cLIBRO
999 _c206314
_d206314